Designing in wood / (Record no. 9114)
[ view plain ]
| 000 -LEADER | |
|---|---|
| fixed length control field | 00562nam a22002292a 4500 |
| 001 - CONTROL NUMBER | |
| JCCL Control Number | 9114 |
| 003 - CONTROL NUMBER IDENTIFIER | |
| JCCL marc code | BD - JhCC |
| 005 - DATE AND TIME OF LATEST TRANSACTION | |
| control field | 20180308181233.0 |
| 008 - FIXED-LENGTH DATA ELEMENTS--GENERAL INFORMATION | |
| fixed length control field | 860101s1968 enka 000 0 eng d |
| 020 ## - INTERNATIONAL STANDARD BOOK NUMBER | |
| International Standard Book Number | 024553282X |
| 035 ## - SYSTEM CONTROL NUMBER | |
| system control number | (BD - JhCC)9114 |
| 040 ## - CATALOGING SOURCE | |
| Original cataloging agency | EQP |
| Transcribing agency | EQP |
| Modifying agency | UKM |
| -- | EQO |
| -- | BD - JhCC |
| 041 ## - LANGUAGE CODE | |
| Language code of Book | eng |
| 082 ## - DEWEY DECIMAL CLASSIFICATION NUMBER | |
| Author mark and Year | LAI 1968 |
| 100 1# - MAIN ENTRY--PERSONAL NAME | |
| Personal name | Laic, L. H. |
| 245 10 - TITLE STATEMENT | |
| Title | Designing in wood / |
| Statement of responsibility, etc | by L.H. Laic and D.A. Jones |
| 260 ## - PUBLICATION, DISTRIBUTION, ETC. (IMPRINT) | |
| Place of publication, distribution, etc | London : |
| Name of publisher, distributor, etc | Harrap, |
| Date of publication, distribution, etc | 1968 |
| 300 ## - PHYSICAL DESCRIPTION | |
| Pagination | 127 p. : |
| Other physical details | ill |
| 700 1# - ADDED ENTRY--PERSONAL NAME | |
| Personal name | Jones, D. A. |
| 942 ## - ADDED ENTRY ELEMENTS (KOHA) | |
| Source of classification or shelving scheme | Dewey Decimal Classification |
| Koha item type | Books |
| Source of classification or shelving scheme | Damaged status | Not for loan | Home library | Current library | Shelving location | Date of accession | Full call number | Barcode | Date last seen | Copy number | Method of acquisition | Koha item type |
|---|---|---|---|---|---|---|---|---|---|---|---|---|
| Dewey Decimal Classification | JCC Rouf Library | JCC Rouf Library | General Stacks | 11/22/2023 | 684.08 LAI 1968 | 12121 | 03/08/2018 | C - 1 | Purchase | Books |